000 00726nam a2200217Ia 4500
003 GCL
008 140319s9999 xx 000 0 ara d
040 _aGCL /
_cGCL
082 0 4 _a813.009
_bم ق
100 1 _aمجدى محمد شمس الدين
245 1 0 _aالقص بين الحقيقة والخيال /
_cمجدى محمد شمس الدين
260 _a[S.N] :
_bالهيئة المصرية العامة للكتاب ،
_c1990
300 _a207 ص
490 _aدراسات ادبية
_v0
650 0 4 _aالادب العربى
650 0 4 _aالقصص القصيرة
650 0 4 _aالقصة العربية
650 0 4 _aالاساطير فى الادب
650 0 4 _aتاريخ ونقد
942 _2ddc
_cBK
999 _c28424
_d28424